KIEP Working Paper (Record no. 5844)

MARC details
000 -LEADER
fixed length control field 00925nas a22001937i 4500
001 - CONTROL NUMBER
control field 6222
003 - CONTROL NUMBER IDENTIFIER
control field OSt
005 - DATE AND TIME OF LATEST TRANSACTION
control field 20170216211006.0
007 - PHYSICAL DESCRIPTION FIXED FIELD--GENERAL INFORMATION
fixed length control field tu
008 - FIXED-LENGTH DATA ELEMENTS--GENERAL INFORMATION
fixed length control field 161220s xxu||||| |||| 00| 0 d
024 7# - OTHER STANDARD IDENTIFIER
Standard number or code 6222
Source of number or code RID
024 7# - OTHER STANDARD IDENTIFIER
Standard number or code 6222
Source of number or code RSN (alt)
040 ## - CATALOGING SOURCE
Transcribing agency OSt
110 2# - MAIN ENTRY--CORPORATE NAME
Corporate name or jurisdiction name as entry element Korea Institute For International Economic Policy
245 00 - TITLE STATEMENT
Title KIEP Working Paper
260 ## - PUBLICATION, DISTRIBUTION, ETC.
Place of publication, distribution, etc. Seoul :
Name of publisher, distributor, etc. KIEP.
866 #0 - TEXTUAL HOLDINGS--BASIC BIBLIOGRAPHIC UNIT
-- einzelne Hefte vorhanden, nicht katalogisiert
866 #0 - TEXTUAL HOLDINGS--BASIC BIBLIOGRAPHIC UNIT
-- Einzeltitel der Serie nicht erfasst<br><br>letztes Heft: 2004/3<br><br>Bestände unvollständig<br><br>vorhanden<br>1999/9, 1999/19-23, 1999/25-26, 1999/28, 1999/30-32, 1999/34<br>2000/1-2, 2000/5-6, 2000/8-13<br>2001/1-5<br>2002/1-13, 2002/15-16, 2002/18<br>2003/1-5, 2003/7-12<br>2004/1-<br><br>fehlende Bestände:<br>1999/1-8, 1999/10-18, 1999/24/, 1999/27, 1999/29, 1999/33<br>2000/3-4, 2000/7<br>2002/14, 2002/17<br>2003/6<br><br><br>2004/12 bei Julia Wörz
942 ## - ADDED ENTRY ELEMENTS (KOHA)
Koha item type Paper

No items available.

The Vienna Instiute for International Economic Studies (wiiw)